000 00869nam a2200289 a 4500
001 000107942
003 CHAP
005 20220329143950.0
008 131122s2011 enka |r ||||||eng d
010 _a104404
011 _a105376
020 _a9780813816494
040 _cCHAP
082 0 4 _a572.5442
_bE19
245 0 0 _aEcological aspects of nitrogen metabolism in plants /
_ceditado por Joe C. Polacco y Christopher D. Todd.
260 _aChichester, UK :
_bWiley Blackwell,
_c2011.
300 _axi, 436 p. :
_bil.
590 _aE11695DGD
_b10
_c20131122
_lUCH01
_h0859
650 1 4 _aEcología vegetal.
_935188
650 1 4 _aNitrógeno
_xEfecto en plantas.
_981457
650 1 4 _aPlantas
_xMetabolismo.
_988858
700 1 _aPolacco, Joseph C.
_eed.
_9124686
700 1 _aTodd, Christopher D.
_eed.
_9124687
901 _aBK
942 _cLIBRO
942 _n0
999 _c104404
_d104404